| 000 | 00468nam a2200169 a 4500 | ||
|---|---|---|---|
| 005 | 20140412111227.0 | ||
| 008 | 100122s19uu xx 00 eng d | ||
| 020 | _a0-7737-6043-1 | ||
| 050 |
_aM 277 _bL58 1999 |
||
| 100 | _aLivesey, Robert | ||
| 245 |
_aThe Loyal Refugees / _cRobert Livesey. |
||
| 260 |
_aCanada : _bStoddart pub, _c1999. |
||
| 300 | _a90p. | ||
| 440 | _aDiscovering Canada | ||
| 650 |
_aAmerican loyalists _xJuvenile literature |
||
| 999 |
_c102076 _d102076 |
||